| 000 | 01063cam a22003131 4500 | ||
|---|---|---|---|
| 001 | sa 65007021 | ||
| 003 | DLC | ||
| 005 | 20260227112146.0 | ||
| 008 | 900209m19649999ii 000 0 sano | ||
| 010 | _asa 65007021 | ||
| 035 | _a(OCoLC)21027530 | ||
| 040 |
_aDLC _cWaU _dDLC |
||
| 042 | _apremarc | ||
| 050 | 0 | 0 |
_aBL1228.5 _b.M32 |
| 100 | 0 |
_aMadanasiṃhadeva, _dactive 1425-1450. |
|
| 245 | 1 | 0 | _aŚrīmadanasiṃhadevaviracite Madanaratnapradīpe dānavivekoddyotaḥ. |
| 260 | _c1964- | ||
| 300 |
_av. _c22 cm. |
||
| 490 | 1 |
_aOsmania University, Hyderabad, India. Sanskrit Academy. Sanskrit Academy series ; _vno. 10, A. 8 |
|
| 500 | _aVol. 1 has added t. p.: Madanaratnapradīpa: Danavivekoddyotaḥ. | ||
| 500 | _aIn Sanskrit; foreword in English. | ||
| 650 | 0 |
_aHinduism _xCharities. |
|
| 700 | 1 |
_aSharma, Aryendra, _d1910- |
|
| 700 | 1 | _aDeshapande, Khanderao. | |
| 700 | 1 | _aPādhye, Da. Go. | |
| 740 | 0 | _aMadanaratnapradīpe Danāvivekoddyotaḥ. | |
| 740 | 0 | _aDanāvivekoddyotaḥ. | |
| 830 | 0 |
_aSanskrit Academy series ; _vno. 10, A. 8. |
|
| 999 |
_c65006 _d65006 |
||